Matemáticas financieras (Registro nro. 21919)
[ vista simple ]
| 000 -Cabecera | |
|---|---|
| Campo de control interno | 01266nam a2200277Ia 4500 |
| 005 - Fecha y hora del registro | |
| control field | 20260413165303.0 |
| 008 - Elementos de Longitud Fija | |
| fixed length control field | 260320s9999||||xx |||||||||||||| ||und|| |
| 020 ## - ISBN | |
| ISBN | 9786074817157 |
| 041 ## - Idioma | |
| Codigo Idioma | ESP |
| 082 ## - DEWEY y NOTACIÓN INTERNA | |
| Dewey | 658.4033 |
| Notación Interna | V63 |
| 100 ## - AUTOR | |
| Autor denominación | Vidaurri Aguirre, Héctor Manuel, |
| Término de relación | autor |
| 245 #0 - TÍTULO DE MATERIAL BIBLIOGRÁFICO | |
| Título | Matemáticas financieras |
| 250 ## - EDICIÓN | |
| Edición | Quinta edición |
| 260 ## - CIUDAD, EDITORIAL, AÑO | |
| Ciudad | México D. F. : |
| Nombre de la Editorial | Cengage Learning, |
| Año | 2012 |
| 300 ## - DESCRIPCIÓN | |
| N° Páginas | xiv, 666 páginas : |
| Dimensiones | 24 cm. |
| 500 ## - NOTA GENERAL | |
| Nota General | No tiene portada / Datos extraídos de Worldcat |
| 650 ## - TEMAS | |
| Temas | Tecnología (Ciencias Aplicadas) |
| 653 ## - DESCRIPTORES | |
| Lenguajes no controlado | Matemáticas financieras |
| 654 ## - PROGRAMAS | |
| Programa | Dpto. de Administración de Negocios |
| 856 ## - URL - UBICACIÓN | |
| URI/URL: Enlace exacto del recurso | <a href="https://itmsp.museknowledge.com/UCSP?url=https://www.ebooks7-24.com:443/?il=4467&pg=1">https://itmsp.museknowledge.com/UCSP?url=https://www.ebooks7-24.com:443/?il=4467&pg=1</a> |
| Nota pública: Versión digital | <a href="Véase además: Matemáticas financieras, por José Luis Villalobos Pérez. Versión digital">Véase además: Matemáticas financieras, por José Luis Villalobos Pérez. Versión digital</a> |
| 856 ## - URL - UBICACIÓN | |
| URI/URL: Enlace exacto del recurso | <a href="https://0u213w93g-y-https-ebooks7--24-com.itmsp.museknowledge.com/biblioteca.aspx">https://0u213w93g-y-https-ebooks7--24-com.itmsp.museknowledge.com/biblioteca.aspx</a> |
| Nota pública: Versión digital | <a href="Véase además: Base de datos Ebook7-24">Véase además: Base de datos Ebook7-24</a> |
| 856 ## - URL - UBICACIÓN | |
| URI/URL: Enlace exacto del recurso | <a href="https://0u20fw92q-y-https-research-ebsco-com.itmsp.museknowledge.com/c/qxo6us/search">https://0u20fw92q-y-https-research-ebsco-com.itmsp.museknowledge.com/c/qxo6us/search</a> |
| Nota pública: Versión digital | <a href="Véase además: Base de datos EBSCOhost">Véase además: Base de datos EBSCOhost</a> |
| 856 ## - URL - UBICACIÓN | |
| URI/URL: Enlace exacto del recurso | <a href="https://0u21dw93c-y-https-ebooks-editorialmacro-com.itmsp.museknowledge.com/library">https://0u21dw93c-y-https-ebooks-editorialmacro-com.itmsp.museknowledge.com/library</a> |
| Nota pública: Versión digital | <a href="Véase además: Base de datos Macro Digital">Véase además: Base de datos Macro Digital</a> |
| 942 ## - ELEMENTOS DE KOHA | |
| Tipo de documento | Libro |
| Nombre del creador | Justo Noguera |
| Código de catalogador | Mirtha Ponce |
| Esquema de clasificación | Dewey Decimal Classification |
| Codigo completo | Registro | Colección | Copia número | Disponibilidad | Tipo de préstamo | Biblioteca Actual | Procedencia (Biblioteca) | Ubicacón | Fecha Ingreso | Tipo de Adquisición | Observación | Date last seen | Total checkouts | Price effective from | Tipo de Item | Estado del Material | Fuente de Clasificación | Damaged status | Withdrawn status |
|---|---|---|---|---|---|---|---|---|---|---|---|---|---|---|---|---|---|---|---|
| 658.4033 V63 | 1086317 | Universidad Católica San Pablo | 1 | Disponible | Disponible | Víctor Andrés Belaunde | Víctor Andrés Belaunde | Primer piso | 10/03/2026 | Donación | Libun | 20/03/2026 | 20/03/2026 | Libro | Bueno | Dewey Decimal Classification |




